| 000 | 00404cam a2200169 4500 | ||
|---|---|---|---|
| 001 | D14033 | ||
| 008 | 090401t1928 xxu||||| |||| 00| 0 eng d | ||
| 035 | _a(Sirsi) u13039 | ||
| 041 | _aeng | ||
| 100 | _aTerry, G.P.Warner | ||
| 245 | 4 | _aThe Rating and Valuation Acts 1928 | |
| 260 |
_aLondon _bCharles Knight and Co _c1928 |
||
| 350 | _a0 | ||
| 520 | _aShelf 136 | ||
| 942 | _n0 | ||
| 948 | _c04/03/1997 | ||
| 999 |
_c87052 _d87052 |
||